| 000 | 00822nam a22002177a 4500 | ||
|---|---|---|---|
| 008 | 130821s1997 ck a gr spa | ||
| 020 |
_a9589623204 _cobra completa |
||
| 020 |
_a9589623212 _cv.1 |
||
| 040 |
_aCo-BoUCM _bspa |
||
| 041 | 0 | 0 | _aspa |
| 110 | 2 |
_aEmpresa de Acueducto y Alcantarillado de Bogotá. EAAB-ESP _94191 |
|
| 245 | 1 | 3 |
_aEl agua en la historia de una ciudad _cEAAB-ESP |
| 260 |
_aBogotá (Colombia) _bEAAB-ESP _c1997 |
||
| 300 |
_a2volúmenes _bilustraciones, cuadros, tablas |
||
| 610 | 1 | 4 |
_aEmpresa de Acueducto y Alcantarillado de Bogotá. EAAB - ESP _94191 |
| 650 | 0 | 4 |
_aAgua _xHistoria _zColombia _98734 |
| 650 | 0 | 4 |
_aBienestar social _910081 |
| 651 | 1 | 4 |
_aBogotá (Colombia) _xAbastecimiento de agua _9115493 |
| 942 |
_cLIBRO _a5 _e1 _mE558a _2DEWEY _h363.61 |
||
| 999 |
_c69130 _d69130 |
||